• 首页
  • 本馆介绍
  • 公告通知
  • 最新文献
  • 馆藏检索
  • 电子资源
  • 读者导购
  • 参考咨询
  • 我的图书馆
  • 登录
  • 详细信息显示
  • 放入我的书架
  • 预约/预借图书
  • 作者相关作品
  • 分类相关作品
  • 丛书相关作品
  • 出版社相关作品

书目信息

  • 表格格式
  • 工作单格式
  • 卡片格式
题名:
中国旅游目的地发展研究报告
    
 
作者: 张文 主编
分册: 2005  
出版信息: 北京   旅游教育出版社  2006
页数: 239页
开本: 21cm
丛书名:
单 册:
中图分类: F592.3
科图分类:
主题词: 旅游点--经济发展--研究报告--中国--2005 , 旅游点 , 经济发展
电子资源:
ISBN: 7-5637-1395-6
000 01027nam0 2200277 450
001 003309869
005 20070807150111.81
010    @a7-5637-1395-6@dCNY16.00
035    @a003309869
100    @a20060518d2006 em y0chiy0110 ea
101 0  @achi
102    @aCN@b110000
105    @ay z 000yy
106    @ar
200 1  @a中国旅游目的地发展研究报告@Azhong guo lv you mu de di fa zhan yan jiu bao gao@h2005@f张文主编@Fzhang wen zhu bian
210    @a北京@c旅游教育出版社@d2006
215    @a239页@d21cm
304    @a英文共同题名:Research report on the development of China's tourism destinations
330    @a本书汇集了中国旅游目的地发展问题的研究报告,内容涉及我国世界遗产地旅游发展及其影响研究、乡村旅游年度发展报告、平型关旅游区红色旅游发展研究报告、中国大型活动开发与运行模式研究等。
606 0  @a旅游点@x经济发展@x研究报告@y中国@z2005
606 0  @a旅游点
606 0  @a经济发展
690    @aF592.3@v4
701  0 @a张文@Azhang wen@c(旅游业)@4主编
801  0 @aCN@bNLC@c20070807
905    @dF592.3@e210@f4
    
    中国旅游目的地发展研究报告.2005/张文主编.-北京:旅游教育出版社,2006
    239页;21cm
    
    
    ISBN 7-5637-1395-6:CNY16.00
    本书汇集了中国旅游目的地发展问题的研究报告,内容涉及我国世界遗产地旅游发展及其影响研究、乡村旅游年度发展报告、平型关旅游区红色旅游发展研究报告、中国大型活动开发与运行模式研究等。
●
相关链接 在E读中查询图书 在五车中查询图书 在当当中查询图书 在豆瓣中查询图书


正题名:中国旅游目的地发展研究报告     索取号:F592.3/210         预约/预借

序号 登录号 条形码 馆藏地/架位号 状态 备注
1 0853168   208531686   第一样本阅览室/ [索取号:F592.3/210] 在馆    
2 0853169   208531695   第一借阅区/ [索取号:F592.3/210] 在馆    
3 0853170   208531702   第一借阅区/ [索取号:F592.3/210] 在馆    
4 0853171   208531711   第一借阅区/ [索取号:F592.3/210] 在馆    
唐山师范学院图书馆 欢迎您!
大连网信软件有限公司© 版权所有